| 000 | 00687nam a2200217Ia 4500 | ||
|---|---|---|---|
| 005 | 20250508165204.0 | ||
| 008 | 008 250505s9999 xx 000 0 eng d | ||
| 020 | _a978-0-521-60119-1 | ||
| 037 | _aReference | ||
| 040 |
_aFEDL _beng _cFEDL |
||
| 041 |
_aeng _2eng |
||
| 084 |
_a371.39, KIN/RR _qFEDL |
||
| 100 |
_aKinzer Charles Ed. _9780099 |
||
| 245 | 0 | _aInteractive literacy education: Facilitating literacy environments through technology | |
| 260 |
_aLondon, UK _bLawrence Erlbaum Associates _c2008 |
||
| 300 | _aviii, 323p. | ||
| 365 |
_aGBP _b36.99 |
||
| 700 |
_a Verhoeven Ludo Ed. _9780100 |
||
| 942 |
_cREF _h371.39, KIN/RR |
||
| 999 |
_c1393667 _d1393667 |
||